000 00198 a2200097 4500
020 _a042799903766
041 _aeng
100 _aQuinlan, Janet
245 _aThe Ant and the Grassshoper
942 _cBK
999 _c10149
_d10149